000 01372cam a2200145 4500500
005 20260329023159.0
041 _afre
042 _adc
100 1 0 _aZuili, Marc
_eauthor
700 1 0 _aBrouste-Blanc, Mercedes
_eauthor
245 0 0 _aMéthodologie de l'analyse des textes espagnols et hispano-américains : Théorie, analyses commentées, anthologie
260 _bArmand Colin,
_c2024.
520 _aDestiné à faciliter l’approche des textes littéraires espagnols et hispano-américains en fournissant de nombreux outils méthodologiques, cet ouvrage repose sur une démarche dont le but est de présenter les éléments fondamentaux de l’analyse textuelle en espagnol. Après une partie théorique accompagnée de conseils pratiques, ce manuel offre, à titre d’exemples, une série de textes suivis d’analyses intégralement rédigées selon la méthode préconisée. Afin de permettre l’acquisition progressive de compétences et d’autonomie, des analyses dirigées – car accompagnées de questionnaires – sont ensuite proposées. Cet ensemble s’achève sur une sélection de textes d’auteurs de langue espagnole destinés à servir de support à des exercices systématiques.
856 4 1 _uhttps://shs.cairn.info/methodologie-de-l-analyse-des-textes-espagnols-et-hispano-americains--9782200639303?lang=fr&redirect-ssocas=7080
999 _c1925284
_d1925284